The light of the Cross: (Record no. 5069)

000 -LEADER
fixed length control field 00622nam a2200181 a 4500
001 - CONTROL NUMBER
control field :::00002810$&:&@@
003 - CONTROL NUMBER IDENTIFIER
control field OkBaRHE
005 - DATE AND TIME OF LATEST TRANSACTION
control field 20000607103257.0
008 - FIXED-LENGTH DATA ELEMENTS--GENERAL INFORMATION
fixed length control field s1966 j 000 0 eng u
040 ## - CATALOGING SOURCE
Transcribing agency
100 1# - MAIN ENTRY--PERSONAL NAME
Personal name Babbage, S. Barton (Stuart Barton).
245 14 - TITLE STATEMENT
Title The light of the Cross:
Remainder of title a look at the persons who stood at the Cross.
260 ## - PUBLICATION, DISTRIBUTION, ETC. (IMPRINT)
Place of publication, distribution, etc Grand Rapids, MI., :
Name of publisher, distributor, etc Zondervan Publishing House
Date of publication, distribution, etc c1966
300 ## - PHYSICAL DESCRIPTION
Extent 183 p. ;
Dimensions 23 cm.
650 ## - SUBJECT ADDED ENTRY--TOPICAL TERM
Topical term or geographic name as entry element Bible New Testament
General subdivision Biography
942 ## - ADDED ENTRY ELEMENTS (KOHA)
Source of classification or shelving scheme
Koha item type Books
Copies
Permanent Location Withdrawn status Price effective from Shelving location Copy number Koha item type Source of classification or shelving scheme Date acquired Full call number Damaged status Not for loan Date last seen Lost status Barcode
RHEMA Bible Training College 2010-04-14General Stacks1Books 2010-04-14BS 2430 .B25  2018-03-16 2810